| 000 | 00369nam a2200145Ia 4500 | ||
|---|---|---|---|
| 008 | 230917s9999||||xx |||||||||||||| ||und|| | ||
| 040 |
_e85780 _aMAIN |
||
| 041 | _aEnglish | ||
| 082 | _a005.1 H884D | ||
| 100 | _aHumphrey, Watts S | ||
| 245 | 0 | _aDiscipline for software engineering | |
| 260 |
_aNew Delhi _bPearson Education _c1995 |
||
| 300 | _a789 p. | ||
| 942 | _cBK | ||
| 999 |
_c152993 _d152993 |
||